Costarricenses de GAM y la guerra E.U. A. - Iraq. Pulso Nacional PO'S 25: encuesta /

محفوظ في:
التفاصيل البيبلوغرافية
مؤلفون مشاركون: Instituto de Estudios Sociales en Población. Oficina de Comunicación, IDESPO
التنسيق: نص
منشور في: San José: IDESPO. UNA
الموضوعات:
الوسوم: إضافة وسم
لا توجد وسوم, كن أول من يضع وسما على هذه التسجيلة!

MARC

LEADER 00000 a a2200000 04500
001 29288
003
040
090 |a 191600  
110 |a Instituto de Estudios Sociales en Población. Oficina de Comunicación  
245 |a Costarricenses de GAM y la guerra E.U. A. - Iraq. Pulso Nacional PO'S 25: encuesta /  |c Instituto de Estudios Sociales en Población. Oficina de Comunicación  
260 |a San José:   |b IDESPO. UNA  
300 |a 8 p  
650 |a GUERRA  
650 |a OPINION PUBLICA  
650 |a TERRORISMO  
650 |a COSTARRICENSES  
650 |a OPINION PUBLICA  
650 |a GUERRA  
710 |a IDESPO  
999 |c 12674  |d 12674